Normal view
MARC view
Entry Personal Name
001 - CONTROL NUMBER
- control field: 766
003 - CONTROL NUMBER IDENTIFIER
- control field: BD-RjUL
005 - DATE AND TIME OF LATEST TRANSACTION
- control field: 20220117114331.0
008 - FIXED-LENGTH DATA ELEMENTS
- fixed length control field: 220117|| aca||aabn | a|a d
040 ## - CATALOGING SOURCE
- Original cataloging agency: BD-RjUL
- Transcribing agency: BD-RjUL
100 ## - HEADING--PERSONAL NAME
- Personal name: اسماعيل، فادي.;; Ismāʻīl, Fādī,
- Dates associated with a name: 1963-
670 ## - SOURCE DATA FOUND
- Source citation: Work cat.: (BD-RjUL)79197: اسماعيل، فادي.;; Ismāʻīl, Fādī, 1963-, الخطاب العربي المعاصر : ;; al-Khiṭāb al-ʻArabī al-muʻāṣir :, 1994[1414]h